Vista normal
Vista MARC
Entrada Personal Name
Número de registros utilizados en: 4
001 - CONTROL NUMBER
- control field: 366
003 - CONTROL NUMBER IDENTIFIER
- control field: OSt
005 - DATE AND TIME OF LATEST TRANSACTION
- control field: 20180716120034.0
008 - FIXED-LENGTH DATA ELEMENTS
- fixed length control field: 150428 a|ac|n|aab||||||||||||a |n|||||||
010 ## - LIBRARY OF CONGRESS CONTROL NUMBER
- LC control number: 2001028305
040 ## - CATALOGING SOURCE
- Original cataloging agency: OSt
- Transcribing agency: OSt
100 1# - HEADING--PERSONAL NAME
- Personal name: Salinas, Carlos,
375 ## - GENDER
- Gender: Hombre
377 ## - ASSOCIATED LANGUAGE
- Language code: spa
- Source of code: MARC code list for languages
400 1# - SEE FROM TRACING--PERSONAL NAME
- Personal name: Salinas Saucedo, Carlos
400 1# - SEE FROM TRACING--PERSONAL NAME
- Personal name: Saucedo, Carlos Salinas
670 ## - SOURCE DATA FOUND
- Source citation: Descubrimiento de un busto humano en los ojos de la Virgen de Guadalupe, 1976: |b t.p. (Carlos Salinas)
670 ## - SOURCE DATA FOUND
- Source citation: Descubrimiento en los ojos de la Virgen de Guadalupe, 2008: |b t.p. (Carlos Salinas Saucedo)
670 ## - SOURCE DATA FOUND
- Source citation: Biblioteca del congreso (Estados Unidos), 06 septiembre 2017:
- Information found: catálogo electrónico
- Uniform Resource Identifier: https://goo.gl/mVcHWZ